000
00342 a2200157 4500
001
67892
020
_a
9788550404011
040
_c
Anchieta - Pituba
100
_a
Chucruts, Marlon
240
1
0
_a
99 brincadeiras cantadas
_l
por
245
1
0
_a
99 brincadeiras cantadas
300
_a
144
362
0
_a
2018
650
4
_a
Folclore
942
_c
BK
999
_c
67892
_d
67892